000 00819nas a2200253 i 4500
001 241
003 ES-MaACL
005 20250217133704.0
007 t|
008 950801c1926 xxk | | 1 ||ng d
080 _a44
245 0 0 _aArchives of Disease in Childhood
_b: incorporating the british journal of children's diseases /
_cdir. Allan Moncrieff, Richard W.B. Ellis.
260 _aLondon :
_bBritish Medical Association,
_c1926- (
_fWilliam Clowes)
300 _a3 v. :
_bgrab ;
_c27 cm.
310 _aTrimestral
362 1 _a1926-
650 1 4 _aPatologĂ­a.
_915884
700 1 _aMoncrieff, Allan,
_edir.
_9227407
700 1 _aEllis, Richard W.B.,
_edir.
_9227408
710 2 _aBritish Medical Association (Londres)
_92245
852 _aES-MaACL
_jHem-102
866 0 _o1945-47.
999 _c241
_d241